<?xml version="1.0" encoding="UTF-8"?>
<marc:record xmlns:marc="http://www.loc.gov/MARC21/slim">
   <marc:leader>00000nam a2200000 a 4500</marc:leader>
   <marc:datafield ind1="1" ind2=" " tag="100">
      <marc:subfield code="a">Rodriguez, Michelle</marc:subfield>
   </marc:datafield>
   <marc:datafield ind1="1" ind2=" " tag="100">
      <marc:subfield code="a">Johnson, Dwayne</marc:subfield>
   </marc:datafield>
   <marc:datafield ind1="1" ind2=" " tag="100">
      <marc:subfield code="a">Diesel, Vin</marc:subfield>
   </marc:datafield>
   <marc:datafield ind1="1" ind2=" " tag="100">
      <marc:subfield code="a">Gray, Gary</marc:subfield>
   </marc:datafield>
   <marc:datafield ind1="1" ind2=" " tag="100">
      <marc:subfield code="a">Morgan, Chris</marc:subfield>
   </marc:datafield>
   <marc:datafield ind1="0" ind2="0" tag="245">
      <marc:subfield code="a">Fast &amp; Furious 8 [Bildtonträger]</marc:subfield>
   </marc:datafield>
   <marc:datafield ind1="0" ind2="0" tag="245">
      <marc:subfield code="c">Darsteller : Dwayne Johnson , Charlize Theron , Kurt Russell ...</marc:subfield>
   </marc:datafield>
   <marc:datafield ind1=" " ind2="1" tag="264">
      <marc:subfield code="a">Hamburg</marc:subfield>
      <marc:subfield code="b">Universal Pictures Germany GmbH</marc:subfield>
      <marc:subfield code="c">2017</marc:subfield>
   </marc:datafield>
   <marc:datafield ind1="1" ind2=" " tag="520">
      <marc:subfield code="a">Nun, da Dom und Letty  verheiratet sind, Brian und Mia die Crew verlassen haben - und die übrigen Crewmitglieder freigesprochen sind - führen alle ein annähernd normales Leben. Doch als Dom von der mysteriösen Cipher getäuscht wird und ihr in eine Welt des Verbrechens folgt, aus der ein Entkommen unmöglich scheint, steht die Familie bald vor ihrer bisher härtesten Prüfung. Denn Cipher zwingt ihn, sein Team zu verraten. Auf einem waghalsigen Trip von den Küsten Kubas über die Straßen New York Citys bis zu den eisigen Gefilden der Barentssee jagt der Elitetrupp kreuz und quer über den Globus, um eine radikale Anarchistin daran zu hindern, die Welt mit Chaos zu überziehen... und den Mann zurückzugewinnen, der einst aus der Crew eine Familie schmiedete.</marc:subfield>
   </marc:datafield>
   <marc:datafield ind1=" " ind2=" " tag="020">
      <marc:subfield code="a">5053083103767</marc:subfield>
      <marc:subfield code="9">5053083103767</marc:subfield>
   </marc:datafield>
   <marc:datafield ind1=" " ind2=" " tag="500">
      <marc:subfield code="a">Deutsch, Englisch, Türkischl FSK ab 16 Jahren</marc:subfield>
   </marc:datafield>
   <marc:datafield ind1="0" ind2=" " tag="490">
      <marc:subfield code="v">0</marc:subfield>
   </marc:datafield>
   <marc:datafield ind1=" " ind2=" " tag="300">
      <marc:subfield code="a">1 DVD (130 Min., Ländercode 2): farbig</marc:subfield>
   </marc:datafield>
</marc:record>
